| 000 | 00855 a2200217 4500 | ||
|---|---|---|---|
| 999 |
_c4133 _d4133 |
||
| 020 | _a9781452260976 (pbk. : alk. paper) | ||
| 050 | 0 | 0 | _aLB2369 RUD 2015 |
| 100 | 1 | _aRudestam, Kjell Erik. | |
| 245 | 1 | 0 |
_aSurviving your dissertation : _ba comprehensive guide to content and process / _cKjell Erik Rudestam, Fielding Graduate University, Rae R. Newton, Fielding Graduate University. |
| 250 | _aFourth edition.. | ||
| 264 | 1 |
_aThousand Oaks, California : _bSage Publication, _c[2015] |
|
| 300 | _axi, 362 pages | ||
| 500 | _aincludes index | ||
| 504 | _aIncludes bibliographical references and indexes. | ||
| 650 | 0 | _aDissertations, Academic | |
| 650 | 0 | _aReport writing. | |
| 650 | 0 | _aResearch | |
| 700 | 1 | _aNewton, Rae R. | |
| 942 |
_2lcc _cBK _h2369 _iRUD _kLB |
||